书目信息 |
| 题名: |
最新家用电器使用大全
|
|
| 作者: | 吴卫平 编 | |
| 分册: | ||
| 出版信息: | 重庆 重庆大学出版社 |
|
| 页数: | 186页 | |
| 开本: | 16开 | |
| 丛书名: | ||
| 单 册: | ||
| 中图分类: | TN07 | |
| 科图分类: | ||
| 主题词: | 电子工业--产品--维修 , 电子工业--产品--保养 | |
| 电子资源: | ||
| ISBN: | 7-5624-0944-7 | |
| 000 | 00597nam0 2200205 45 | |
| 001 | 0006151719 | |
| 005 | 20000615175341.5 | |
| 010 | @a7-5624-0944-7@d9.80元 | |
| 100 | @a20000615d km y0chiy0120 ea | |
| 101 | 0 | @achi |
| 105 | @a z 000yy | |
| 200 | 1 | @a最新家用电器使用大全@AZui Xin Jia Yong Dian Qi Shi Yong Da Quan@f吴卫平编@FWu Wei Ping Bian |
| 210 | @a重庆@c重庆大学出版社 | |
| 215 | @a186页@d16开 | |
| 606 | 0 | @a电子工业@x产品@x维修 |
| 606 | 0 | @a电子工业@x产品@x保养 |
| 690 | @aTN07@v3 | |
| 701 | 0 | @a吴卫平@4编 |
| 801 | @aCN@bPftUser@c20000615 | |
| 905 | @b207591-592@dTN07@eW697@f2 | |
| 最新家用电器使用大全/吴卫平编.-重庆:重庆大学出版社 |
| 186页;16开 |
| ISBN 7-5624-0944-7:9.80元 |
| ● |
| 相关链接 |
|
|
|
正题名:最新家用电器使用大全
索取号:TN07/W697
 
预约/预借
| 序号 | 登录号 | 条形码 | 馆藏地/架位号 | 状态 | 备注 |
| 1 | 207591 | 202075912 | 期刊室512/301自科库 18排2列5层/ [索取号:TN07/W697] | 在馆 | |
| 2 | 207592 | 202075921 | 期刊室512/301自科库 18排2列5层/ [索取号:TN07/W697] | 在馆 |